Statistics for People by Birthplaces and Places of Death

Click here to take the quiz!

General Stats

  • This quiz has been taken 85 times
  • The average score is 14 of 18

Answer Stats

BornDiedAnswer% Correct
Ajaccio, Corsica (1769)St. Helena (1821)Napoleon Bonaparte
96%
Liverpool (1940)New York, NY (1980)John Lennon
95%
Brookline, Massachusetts (1917)Dallas, Texas (1963)John F. Kennedy
94%
Hardin County, Kentucky (1809)Washington, DC (1865)Abraham Lincoln
91%
Mecca (571)Medina (632)Muhammad
90%
Skopje, North Macedonia (1910)Kolkata, India (1997)Mother Teresa
86%
Wadowice, Poland (1920)Vatican City (2005)Pope John Paul II
86%
Tupelo, Mississippi (1935)Memphis, Tennessee (1977)Elvis Presley
84%
Graz, Austria (1863)Sarajevo, Bosnia (1914)Franz Ferdinand
83%
Salzburg, Austria (1756)Vienna, Austria (1791)Wolfgang Amadeus Mozart
82%
Marton-in-Cleveland, UK (1728)Kealakekua Bay, Hawaii (1779)James Cook
81%
Riyadh, Saudi Arabia (1957)Abbottabad, Pakistan (2011)Osama bin Laden
77%
Rosario, Argentina (1928)La Higuera, Bolivia (1967)Che Guevara
74%
Ulm, Germany (1879)Princeton, New Jersey (1955)Albert Einstein
73%
Sabrosa, Portugal (1480)Mactan, Philippines (1521)Ferdinand Magellan
65%
Fotheringhay Castle (1452)Bosworth Field, England (1485)Richard III
49%
Plymouth, UK (1868)Ross Ice Shelf, Antarctica (1912)Robert Falcon Scott
43%
Paris, France (1848)Atuona, French Polynesia (1903)Paul Gauguin
40%

Score Distribution

Percentile by Number Answered

Percent of People with Each Score

Your Score History

You have not taken this quiz